| 000 | 00860nam a22002657a 4500 | ||
|---|---|---|---|
| 003 | CHAP | ||
| 005 | 20220329140520.0 | ||
| 008 | 971013s1982 r 00010 d | ||
| 010 | _a53169 | ||
| 011 | _a54141 | ||
| 035 | _a58291 | ||
| 040 | _cCHAP | ||
| 082 |
_a632.58 _bW3 |
||
| 100 | 0 | 0 |
_aWatson, Alan K. _9121188 |
| 245 | _aWeed biology and control laboratory manual | ||
| 260 |
_aQuebec : _bMcGill University. Department of Plant Science. Macdonald Campus, _c1982 |
||
| 300 |
_a107 p. _b: ilus. |
||
| 590 |
_aBATCH-UPD _b10 _c20130110 _lUCH01 _h1309 |
||
| 590 |
_aCONVERSION _b10 _c20130109 _lUCH01 _h1329 |
||
| 650 | 1 | 4 |
_aMalas hierbas _xControl. _970011 |
| 901 | _aBK | ||
| 942 | _cLIBRO | ||
| 949 |
_a632.58 W3 _bBC _cLIBRO _d33724000179511 _eLIBRO _h62922 _i58291 _mDirecto _sb |
||
| 949 |
_a632.58 W3 _bBC _cLIBRO _d33724000179529 _eLIBRO _fc.2 _h66864 _i58291 _si |
||
| 999 |
_c53169 _d53169 |
||